Statistics for Dragon Quest Franchise

Click here to take the quiz!

General Stats

  • This quiz has been taken 54 times
  • The average score is 24 of 102

Answer Stats

TypeYearNameInfo% Correct
Video Game1986Dragon QuestEnix / Nintendo
98%
Novel1989Dragon Quest IIHideo Takayashiki
98%
Video Game1987Dragon Quest IIEnix
98%
Anime Series1989-1991Dragon Quest: Legend of the Hero AbelFuji TV
98%
Video Game1988Dragon Quest IIIEnix
95%
Novel1990Dragon Quest IIIHideo Takayashiki
95%
Video Game1989Dragon Quest IVEnix
95%
Video Game1992Dragon Quest VEnix
95%
Video Game1995Dragon Quest VIEnix
95%
Novel1991Dragon Quest IVSaori Kumi
93%
Novel1993Dragon Quest VSaori Kumi
93%
Novel1996Dragon Quest VISaori Kumi
93%
Video Game2000Dragon Quest VIIEnix / Nintendo
93%
Novel2001Dragon Quest VIIHiroyuki Domon
93%
Novel1989Dragon Quest IHideo Takayashiki
90%
Video Game2009Dragon Quest IXNintendo / Square Enix
90%
Video Game2004Dragon Quest VIIISquare Enix
90%
Video Game2017Dragon Quest XISquare Enix
88%
Video Game2012Dragon Quest XSquare Enix
79%
Manga Series2000-2003Dragon Quest Monsters +Enix
52%
Video Game2016Dragon Quest BuildersSquare Enix
50%
Video Game2018Dragon Quest Builders 2Square Enix
48%
Video Game2006Dragon Quest Monsters: JokerSquare Enix
43%
Video Game2010Dragon Quest Monsters: Joker 2Square Enix / Nintendo
38%
Video Game2016Dragon Quest Monsters: Joker 3Square Enix
26%
Video Game2016Dragon Quest Heroes IISquare Enix
21%
Manga Series1989-1996Dragon Quest: The Adventure of DaiShueisha
21%
Anime Series1991-1992Dragon Quest: The Adventure of DaiTBS
21%
Video Game2005Dragon Quest Heroes: Rocket SlimeSquare Enix
14%
Video Game2007Dragon Quest Swords: The Masked Queen and the Tower of MirrorsSquare Enix
14%
Video Game1998Dragon Warrior MonstersEnix / Eidos Interactive
10%
Video Game2001Dragon Warrior Monsters 2Enix
10%
Encyclopedia1999Encyclopedia Seal Collection - Dragon Quest Monsters: Terry's WonderlandN/A
10%
Manga Series1991-1997Dragon Quest Biography: Emblem of RotoEnix
7%
Film1996Dragon Quest Biography: Emblem of RotoNippon Animation
7%
Video Game2019Dragon Quest WalkSquare Enix
7%
Video Game2009Dragon Quest WarsSquare Enix
7%
Video Game1999World of Dragon Warrior: Torneko: The Last HopeEnix
7%
Manga Series1990-2003Dragon Quest 4Koma Manga????
5%
Film2002Dragon Quest BalletSME Visual Works
5%
Video Game2002Dragon Quest Characters: Torneko no Daibōken 3 - Fushigi no DungeonEnix
5%
Film1988Dragon Quest Fantasia VideoEnix / Tohokushinsha Film
5%
Video Game2004Dragon Quest & Final Fantasy in Itadaki Street SpecialSquare Enix
5%
Video Game2015Dragon Quest Heroes: The World Tree's Woe and the Blight BelowSquare Enix
5%
Short Story Collection1989Dragon Quest Item Story(Various)
5%
Video Game2007Dragon Quest: Monster Battle RoadSquare Enix
5%
Video Game2003Dragon Quest Monsters: Caravan HeartEnix
5%
Video Game2014Dragon Quest Monsters: Super LightSquare Enix
5%
Video Game2006Dragon Quest: Shōnen Yangus to Fushigi no DungeonSquare Enix
5%
Video Game2003Kenshin Dragon Quest: Yomigaerishi Densetsu no KenSquare Enix
5%
Novel2001Torneko no Daibōken: Fushigi no DungeonYumiko Tsukamoto
5%
Video Game1993Torneko no Daibōken: Fushigi no DungeonEnix
5%
Manga Series1995-1997Adventure Story of Torneko FamilyEnix
2%
Video Game2011Dragon Quest & Final Fantasy in Itadaki Street MobileSquare Enix
2%
Video Game2006Dragon Quest & Final Fantasy in Itadaki Street PortableSquare Enix
2%
Children's Book1993Dragon Quest Game Land????
2%
Game Book1989Dragon Quest I Game BookN/A
2%
Game Book1989Dragon Quest II Game BookN/A
2%
Game Book1988Dragon Quest III Game BookN/A
2%
Short Story Collection1988Dragon Quest III Legend in the Dark(Various)
2%
Art Book1988Dragon Quest III Master's ClubN/A
2%
Manga One-Shot2002Dragon Quest IV Gaiden: Infernal LabyrinthEnix
2%
Game Book1990Dragon Quest IV Game BookN/A
2%
Short Story Collection1990Dragon Quest IV Legend in the Dark(Various)
2%
Art Book1991Dragon Quest IV Master's ClubN/A
2%
Short Story Collection1990Dragon Quest IV Monsters(Various)
2%
Short Story Collection1991Dragon Quest IV: World Travel Sketches(Various)
2%
Manga Series1993-1995Dragon Quest: Legend of the Rubis SpiritEnix
2%
Novel1990Dragon Quest: Legend of the Rubis SpiritSaori Kumi
2%
Manga Series1997-2001Dragon Quest - Maboroshi no DaichiEnix
2%
Video Game2009Dragon Quest: Monster Battle Road IISquare Enix
2%
Video Game2016Dragon Quest: Monster Battle Road ScannerSquare Enix
2%
Video Game2010Dragon Quest: Monster Battle Road VictorySquare Enix
2%
Video Game2013Dragon Quest Monster ParadeSquare Enix
2%
Short Story Collection1989Dragon Quest Monster Story(Various)
2%
Video Game2010Dragon Quest Monsters: Wanted!Square Enix
2%
Manga Series1998-2000Dragon Quest: Princess AlenaEnix
2%
Manga One-Shot2005Dragon Quest Retsuden: Roto no Monshō ~Monshō o Tsugumono-tachi e~Enix
2%
Manga One-Shot2005Dragon Quest Retsuden: Roto no Monshō ReturnsEnix
2%
Video Game2017Dragon Quest RivalsSquare Enix
2%
Manga Series2013-PresentDragon Quest: Souten no SouraShueisha
2%
Manga Series1998-2004Dragon Quest Tenkuu MonogatariEnix
2%
Game Book1993Dragon Quest V Game BookN/A
2%
Game Book1996Dragon Quest VI Game BookN/A
2%
Manga Series2001-2006Dragon Quest VII Warriors of EdenEnix
2%
Manga Series1997-1998Dragon Quest: Virtual Butler JinEnix
2%
Short Story Collection1994Dragon Quest V Legend in the Dark(Various)
2%
Video Game2015Hoshi no Dragon QuestSquare Enix
2%
Video Game2017Itadaki Street: Dragon Quest and Final Fantasy 30th AnniversarySquare Enix
2%
Collection1990Perfect Collection Dragon Quest 1990N/A
2%
Collection1991Perfect Collection Dragon Quest 1991N/A
2%
Collection1992Perfect Collection Dragon Quest 1992N/A
2%
Collection1993Perfect Collection Dragon Quest 1993N/A
2%
Collection1995Perfect Collection Dragon Quest 1995N/A
2%
Collection1996Perfect Collection Dragon Quest 1996N/A
2%
Collection1997Perfect Collection Dragon Quest 1997N/A
2%
Collection1990Perfect Collection Dragon Quest Summer VacationN/A
2%
Short Story Collection1992Roto: Dragon Quest Legend in the Dark(Various)
2%
Video Game2011Slime Mori Mori Dragon Quest 3: Daikaizoku to Shippo DanSquare Enix
2%
Video Game2003Slime Mori Mori Dragon Quest: Shōgeki no Shippo DanEnix
2%
Manga One-Shot1990The Road to Dragon Quest????
2%
Game Book1994Torneko no Daibōken Game BookN/A
2%

Score Distribution

Percentile by Number Answered

Percent of People with Each Score

Your Score History

You have not taken this quiz